El Sexe de la notícia : reflexions sobre el gènere a la informació i recomanacions d'estil / Marta Bach ... [et al.] reflexions sobre el gènere a la informació i recomanacions d'estil / Marta Bach ... [et al.]
ISBN:
84-7794-625-6
Publicado:
Barcelona :
Diputació de Barcelona, Oficina Tècnica del Pla d'Igualtat : Associació de Dones Periodistes de Catalunya ,
1999
Descripción Física:
125 p. : il. ; 24 cm
Colección:
Col·lecció D+I ; 1
MARC
| LEADER | 00000nam a2200000Ia 4500 | ||
|---|---|---|---|
| 001 | 12238 | ||
| 008 | 160829s1999 xx 000 0 cat d | ||
| 020 | |a 84-7794-625-6 | ||
| 080 | |a M-2-119 | ||
| 245 | |a El Sexe de la notícia : |b reflexions sobre el gènere a la informació i recomanacions d'estil / Marta Bach ... [et al.] | ||
| 260 | |a Barcelona : |b Diputació de Barcelona, Oficina Tècnica del Pla d'Igualtat : |b Associació de Dones Periodistes de Catalunya, |c 1999 | ||
| 300 | |a 125 p. : |b il. ; |c 24 cm | ||
| 490 | |a Col·lecció D+I ; 1 | ||
| 650 | |a Sexisme en els mitjans de comunicació de massa |9 36094 | ||
| 650 | |a Mitjans de comunicació de massa i dones |9 36095 | ||
| 700 | |a Bach, Marta |9 36096 | ||
| 700 | |a Barcelona. Diputació. Oficina Tècnica del Pla d'Igualtat | ||
| 710 | 2 | |a Associació de Dones Periodistes de Catalunya |9 54811 | |
| 901 | |a Arxiu | ||
| 942 | |n 1 | ||
| 952 | |0 0 |1 0 |4 0 |6 M2119 |7 1 |9 47173 |a Arxiu |b Arxiu |d 2016-12-01 |l 0 |o M-2-119 |p 12238 |r 2016-12-01 00:00:00 |w 2016-12-01 |y ARXIU | ||
| 999 | |c 50970 |d 50970 | ||